Statistiques concernant Né dans le... n°10

Cliquez ici pour prendre le quiz!

Statistiques générales

  • Ce quiz a été pris 34 fois
  • Le résultat moyen est 8 sur 16

Statistiques - réponses

Personnes célèbresPays% Correct
Christiano RonaldoPortugal
96%
Charlie ChaplinRoyaume-Uni
86%
Marie CuriePologne
86%
Frank Lloyd WrightÉtats-Unis
86%
El ChapoMexique
82%
Mata HariPays-bas
46%
Thomas MannAllemagne
46%
Salman RushdieInde
43%
Ivana TrumpRepubliqué Tchèque
43%
Zsa Zsa GaborHongrie
36%
Mario Vargas LlosaPerou
29%
Karolina KurkovaRepubliqué Tchèque
21%
Miranda KerrAustralie
18%
Greta GerwigÉtats-Unis
14%
Rachel HunterNouvelle-zelande
14%
Vivien LeighInde
11%

Distribution des résultats

Percentile par nombre de réponses

% des personnes avec chaque résultat

Votre développement - résultats

Vous n’avez pas pris ce quiz